Blanca montaña: arquitectura reciente en Chile
Αποθηκεύτηκε σε:
| Κύριοι συγγραφείς: | , , |
|---|---|
| Μορφή: | Βιβλίο |
| Γλώσσα: | Ισπανικά |
| Έκδοση: |
Santiago
Puro Chile
2010
|
| Έκδοση: | 1a. ed |
| Θέματα: | |
| Ετικέτες: |
Προσθήκη ετικέτας
Δεν υπάρχουν, Καταχωρήστε ετικέτα πρώτοι!
|
MARC
| LEADER | 00000cam a2200000 a 4500 | ||
|---|---|---|---|
| 001 | UCE5208 | ||
| 003 | CL-VaPUC | ||
| 008 | 141211e20100000cl |||||||||||||||||spa|d | ||
| 020 | |a 9789569016004 | ||
| 082 | 0 | 4 | |a 720 |b ADR |2 21 |
| 100 | 0 | |a Adriá, Miquel |e author |9 577719 | |
| 700 | 0 | |a Allard, Pablo |e author |9 577720 | |
| 700 | 0 | |a Atria, Maximiano |e author |9 577721 | |
| 245 | 1 | 0 | |a Blanca montaña: arquitectura reciente en Chile |
| 246 | 1 | 0 | |a White mountain: recent architecture in Chile |
| 250 | |a 1a. ed | ||
| 300 | |a 501 p | ||
| 942 | |c BK | ||
| 945 | |d 20141211 14:14:00 |a arojas | ||
| 260 | |a Santiago |b Puro Chile |c 2010 | ||
| 650 | 0 | |a Arquitectura |9 804558 | |
| 650 | 0 | |a Arquitectura chilena |9 265393 | |
| 650 | 0 | |a Arquitectura moderna |9 265021 | |
| 650 | 7 | |a OBRAS ARQUITECTONICAS |2 CL-VaPUC |9 370633 | |
| 650 | 7 | |a PATRIMONIO HISTORICO |2 CL-VaPUC |9 519787 | |
| 651 | 7 | |a CHILE |2 CL-VaPUC |9 577723 | |
| 583 | |a last modification |c 20141211 14:14:00 |k Rodrigo Vera | ||
| 999 | |c 357970 |d 357968 | ||
| 952 | |0 0 |1 0 |3 erd |4 0 |6 720_000000000000000_ADR_2010 |7 0 |8 A |9 466171 |a BIBING |b BIBING |i 5129419 |l 1 |o 720 ADR 2010 |p 5129419 |r 2025-01-20 |s 2024-07-01 |w 2019-11-23 |y BK |z Catalogado en:20141211 |k CUI | ||